| 000 | 00615nam a22001935i 4500 | ||
|---|---|---|---|
| 001 | 151861 | ||
| 003 | ES-MaACL | ||
| 005 | 20250729085449.0 | ||
| 008 | 970429s1896 sp |||| | spa d | ||
| 040 |
_aCLM _bspa _cCLM |
||
| 100 | 1 |
_aBenito Golmayo, Pedro. _9125914 |
|
| 245 | 1 | 0 |
_aInstituciones del Derecho Canónico / _cpor Pedro Benito Golmayo ...; tomo segundo. |
| 250 | _a7a. ed. | ||
| 260 |
_aMadrid : _bLibreria de Gabriel Sánchez, _c1896. |
||
| 300 |
_a491 p. ; _c23 cm. |
||
| 650 | 7 |
_aDerecho canónico _2embne _911655 |
|
| 852 |
_aES-MaACL _jF-14029-14030 _z-- Enc. hol. |
||
| 999 |
_c151861 _d151861 |
||